[Event "Guernsey Holiday op 44th"]
[Site "Vale"]
[Date "2018.10.27"]
[Round "7"]
[White "Gibson, John"]
[Black "Glover, John"]
[Result "1/2-1/2"]
[WhiteElo "1608"]
[BlackElo "1717"]
[PlyCount "113"]
[EventDate "2018.10.21"]
[EventType "swiss"]
[EventRounds "7"]
[EventCountry "GCI"]
[SourceTitle "EXT 2021"]
[Source "ChessBase"]
[SourceDate "2020.10.23"]
[SourceVersion "1"]
[SourceVersionDate "2020.10.23"]
[SourceQuality "1"]

1. d4 Nf6 2. Nf3 c5 3. e3 e6 4. c3 Be7 5. Bd3 d5 6. 0-0 b6 7. Nbd2 Bb7 8. Qe2 0-0 9. e4 dxe4 10. Nxe4 Nbd7 11. dxc5 Nxc5 12. Nxf6+ Bxf6 13. Bc2 Qe7 14. Bf4 Rfd8 15. Rfd1 Qe8 16. Rxd8 Rxd8 17. Rd1 Rxd1+ 18. Qxd1 Qd7 19. Qxd7 Nxd7 20. Nd2 e5 21. Be3 Be7 22. b4 h6 23. f3 Kf8 24. a4 a6 25. Bf5 Nf6 26. Be4 Nxe4 27. fxe4 b5 28. axb5 axb5 29. Kf2 h5 30. g3 g5 31. Ke2 Ke8 32. Kd3 f6 33. Nb3 Bc8 34. Bc5 Bh3 35. Bxe7 Kxe7 36. c4 Bf1+ 37. Kc3 Bxc4 38. Nd2 Be2 39. Nb1 Ke6 40. Kd2 Bf1 41. Nc3 f5 42. exf5+ Kxf5 43. Nd5 Ke6 44. Ne3 Bh3 45. Nc2 Kd5 46. Na3 Bd7 47. Ke3 Bc6 48. Kd3 Ke6 49. Nc2 Be8 50. Kc3 Kf5 51. Kd2 Kg4 52. Ne1 Bc6 53. Ke3 Kh3 54. Nd3 Kxh2 55. Nxe5 Bb7 56. Kf2 g4 57. Ng6 1/2-1/2

[Event "Guernsey Holiday op 44th"]
[Site "Vale"]
[Date "2018.10.26"]
[Round "6"]
[White "Glover, John"]
[Black "Finch, Russell"]
[Result "1/2-1/2"]
[WhiteElo "1717"]
[BlackElo "1622"]
[PlyCount "79"]
[EventDate "2018.10.21"]
[EventType "swiss"]
[EventRounds "7"]
[EventCountry "GCI"]
[SourceTitle "EXT 2021"]
[Source "ChessBase"]
[SourceDate "2020.10.23"]
[SourceVersion "1"]
[SourceVersionDate "2020.10.23"]
[SourceQuality "1"]

1. Nf3 e6 2. c4 f5 3. g3 Nf6 4. Bg2 Be7 5. d4 0-0 6. 0-0 c6 7. b3 d5 8. Ba3 Bxa3 9. Nxa3 Qe7 10. Nc2 Nbd7 11. Nce1 Re8 12. Nd3 Ne4 13. e3 b6 14. Rc1 Bb7 15. Rc2 Rac8 16. Nfe5 Nxe5 17. Nxe5 Rc7 18. Bxe4 dxe4 19. c5 Qf6 20. Qe2 g5 21. Rfc1 Rec8 22. b4 b5 23. f3 exf3 24. Qxf3 Rf8 25. Rg2 Qh6 26. Rf1 g4 27. Qf4 Qxf4 28. Rxf4 a5 29. a3 Ra8 30. Rf1 axb4 31. axb4 Ra4 32. Rb2 Bc8 33. Kg2 Rca7 34. h3 Ra3 35. Rff2 h5 36. hxg4 hxg4 37. e4 Bb7 38. Kh2 Rd3 39. Kg2 Rxd4 40. Kh2 1/2-1/2

[Event "Guernsey Holiday op 44th"]
[Site "Vale"]
[Date "2018.10.21"]
[Round "1"]
[White "Harnden, Terry"]
[Black "Glover, John"]
[Result "1/2-1/2"]
[WhiteElo "1428"]
[BlackElo "1717"]
[PlyCount "64"]
[EventDate "2018.10.21"]
[EventType "swiss"]
[EventRounds "7"]
[EventCountry "GCI"]
[SourceTitle "EXT 2021"]
[Source "ChessBase"]
[SourceDate "2020.10.23"]
[SourceVersion "1"]
[SourceVersionDate "2020.10.23"]
[SourceQuality "1"]

1. e4 d5 2. exd5 Qxd5 3. Nc3 Qd6 4. Nf3 Nf6 5. Bc4 e6 6. d3 a6 7. a3 b5 8. Bb3 Bb7 9. h3 Be7 10. Bg5 Nbd7 11. 0-0 h6 12. Bh4 c5 13. Bg3 Qc6 14. Qe2 0-0 15. Rfe1 Bd6 16. Ne4 Nxe4 17. dxe4 Bxg3 18. fxg3 c4 19. Ba2 e5 20. c3 Rad8 21. Rad1 f6 22. Bb1 Nc5 23. Bc2 Rd3 24. Nh4 Rfd8 25. Nf5 R3d7 26. Ne7+ Rxe7 27. Rxd8+ Re8 28. Rxe8+ Qxe8 29. Rd1 Qa8 30. Re1 Qd8 31. Rd1 Qa8 32. Re1 Qd8 1/2-1/2

[Event "Guernsey Holiday op 42nd"]
[Site "Guernsey"]
[Date "2016.10.19"]
[Round "4"]
[White "Glover, John"]
[Black "Jones, Sidney A"]
[Result "1/2-1/2"]
[WhiteElo "1826"]
[BlackElo "1472"]
[PlyCount "67"]
[EventDate "2016.10.16"]
[EventType "swiss"]
[EventRounds "7"]
[EventCountry "GCI"]
[SourceTitle "EXT 2022"]
[Source "ChessBase"]
[SourceDate "2021.10.06"]
[SourceVersion "1"]
[SourceVersionDate "2021.10.06"]
[SourceQuality "1"]

1. Nf3 Nf6 2. c4 c5 3. Nc3 e6 4. g3 Nc6 5. Bg2 Be7 6. 0-0 0-0 7. d4 cxd4 8. Nxd4 a6 9. a3 Qc7 10. b3 Rd8 11. Nxc6 dxc6 12. Qc2 h6 13. Bb2 Bd7 14. Rad1 Be8 15. h3 Rac8 16. Ne4 Nxe4 17. Qxe4 Qa5 18. a4 Rd2 19. Rxd2 Qxd2 20. Rb1 Rd8 21. Qg4 Qg5 22. Qxg5 Bxg5 23. Bc3 Be7 24. Be4 f5 25. Bc2 g5 26. Kg2 Kf7 27. Re1 Bf6 28. Ba5 Rd7 29. e4 fxe4 30. Rxe4 Rd4 31. Kf3 Rxe4 32. Kxe4 Bd7 33. Bd2 c5 34. f3 1/2-1/2

[Event "Guernsey Holiday op 40th"]
[Site "Guernsey"]
[Date "2014.10.21"]
[Round "3"]
[White "Foster, Paul"]
[Black "Glover, John"]
[Result "0-1"]
[WhiteElo "1690"]
[BlackElo "1735"]
[PlyCount "72"]
[EventDate "2014.10.19"]
[EventType "swiss"]
[EventRounds "7"]
[EventCountry "GCI"]
[SourceTitle "EXT 2022"]
[Source "ChessBase"]
[SourceDate "2021.10.06"]
[SourceVersion "1"]
[SourceVersionDate "2021.10.06"]
[SourceQuality "1"]

1. e4 d5 2. exd5 Qxd5 3. Nc3 Qd6 4. Bc4 Nf6 5. Nf3 a6 6. d4 e6 7. 0-0 Be7 8. Ne5 Nc6 9. Nxc6 Qxc6 10. Bd3 Qd7 11. Be3 b5 12. f4 Bb7 13. f5 Qc6 14. Qf3 Qxf3 15. gxf3 Nd5 16. Nxd5 Bxd5 17. fxe6 fxe6 18. Bf4 c5 19. dxc5 Bxc5+ 20. Kg2 0-0 21. Be5 Rf7 22. Be4 Rd8 23. Bxd5 Rxd5 24. Bc3 b4 25. Be1 Rg5+ 26. Bg3 Rd5 27. Rad1 Rfd7 28. Rxd5 Rxd5 29. Bf4 Kf7 30. Re1 Kf6 31. Bc1 a5 32. b3 g6 33. f4 Kf5 34. Kf3 Bd6 35. Re4 Rd1 36. Be3 Rf1+ 0-1

[Event "Guernsey Holiday op 39th"]
[Site "Guernsey"]
[Date "2013.10.21"]
[Round "2"]
[White "Finch, Russell"]
[Black "Glover, John"]
[Result "1/2-1/2"]
[WhiteElo "1606"]
[BlackElo "1712"]
[PlyCount "66"]
[EventDate "2013.10.20"]
[EventType "swiss"]
[EventRounds "7"]
[EventCountry "GCI"]
[SourceTitle "EXT 2022"]
[Source "ChessBase"]
[SourceDate "2021.10.06"]
[SourceVersion "1"]
[SourceVersionDate "2021.10.06"]
[SourceQuality "1"]

1. f4 Nf6 2. e3 c5 3. Nf3 g6 4. Be2 Bg7 5. 0-0 0-0 6. d3 d5 7. Nc3 b6 8. e4 dxe4 9. dxe4 Bb7 10. Qxd8 Rxd8 11. e5 Ne4 12. Rd1 Rxd1+ 13. Nxd1 Nc6 14. c3 Rd8 15. Nf2 Nxf2 16. Kxf2 e6 17. Be3 Ne7 18. Rd1 Rxd1 19. Bxd1 h6 20. Be2 Nf5 21. Bc1 Bf8 22. g3 Be7 23. g4 Nh4 24. Kg3 Nxf3 25. Bxf3 Ba6 26. h4 Bd3 27. g5 hxg5 28. hxg5 Kf8 29. Be3 Ke8 30. Kf2 Kd8 31. Be2 Bb1 32. a3 Kc7 33. Bb5 Kd8 1/2-1/2

[Event "Guernsey op 38th"]
[Site "Guernsey"]
[Date "2012.10.22"]
[Round "2"]
[White "Glover, John"]
[Black "Von Saldern, Ruediger"]
[Result "1-0"]
[WhiteElo "1832"]
[BlackElo "1999"]
[PlyCount "47"]
[EventDate "2012.10.21"]
[EventType "swiss"]
[EventRounds "7"]
[EventCountry "GCI"]
[SourceTitle "EXT 2013"]
[Source "ChessBase"]
[SourceDate "2012.11.22"]
[SourceVersion "1"]
[SourceVersionDate "2012.11.22"]
[SourceQuality "1"]

1. Nf3 d5 2. c4 c6 3. g3 Nf6 4. Bg2 Bf5 5. 0-0 e6 6. b3 Be7 7. Bb2 0-0 8. d4 Nbd7 9. Nbd2 Rc8 10. h3 h6 11. Rc1 Bh7 12. Ne1 Ne8 13. Ndf3 f5 14. Nd3 Nef6 15. Nf4 Kf7 16. Ne5+ Nxe5 17. dxe5 Ne4 18. e3 g6 19. Kh2 Qa5 20. Bxe4 dxe4 21. Qd7 Rfd8 22. Qxe6+ Kf8 23. Nxg6+ Bxg6 24. Qxg6 1-0

[Event "Guernsey op 37th"]
[Site "Guernsey"]
[Date "2011.10.16"]
[Round "1"]
[White "Westerkamp, Bert"]
[Black "Glover, John"]
[Result "1/2-1/2"]
[WhiteElo "2063"]
[BlackElo "1857"]
[PlyCount "100"]
[EventDate "2011.10.16"]
[EventType "swiss"]
[EventRounds "7"]
[EventCountry "GCI"]
[SourceTitle "EXT 2012"]
[Source "ChessBase"]
[SourceDate "2011.11.24"]
[SourceVersion "1"]
[SourceVersionDate "2011.11.24"]
[SourceQuality "1"]

1. e4 d5 2. exd5 Qxd5 3. Nc3 Qd6 4. d4 Nf6 5. Nf3 a6 6. Be2 Bf5 7. Ne5 c6 8. Bf4 Nd5 9. Bg3 Qd8 10. Nxd5 cxd5 11. 0-0 e6 12. c3 Nc6 13. Qb3 Nxe5 14. Bxe5 Qd7 15. Qb6 Qc6 16. Qb3 f6 17. Bg3 Be7 18. Rfc1 0-0 19. c4 Rfc8 20. Rc3 Bd8 21. Rac1 Qb6 22. Qa4 Qc6 23. Qa3 Qd7 24. cxd5 Rxc3 25. Qxc3 exd5 26. Bf3 Be6 27. Qb3 Rc8 28. Rxc8 Qxc8 29. h3 Qc6 30. Bf4 Kf7 31. Qd3 g6 32. Bd2 b5 33. Qe3 Bb6 34. Qh6 Kg8 35. Bb4 Qe8 36. Qe3 Kf7 37. Bc5 Bd8 38. Qh6 Kg8 39. b4 Qf7 40. Qf4 Qd7 41. Qb8 Kg7 42. Qa8 Qc8 43. Bxd5 Qxa8 44. Bxa8 Bxa2 45. Bb7 a5 46. Ba6 Bc4 47. bxa5 Bxa5 48. f3 Bd2 49. Kf2 h5 50. d5 Bxd5 1/2-1/2

[Event "Guernsey Holiday op"]
[Site "Guernsey"]
[Date "2010.10.18"]
[Round "2"]
[White "Glover, John"]
[Black "Welch, Hazel"]
[Result "1-0"]
[WhiteElo "1760"]
[BlackElo "1520"]
[PlyCount "85"]
[EventDate "2010.10.17"]
[EventType "swiss"]
[EventRounds "7"]
[EventCountry "GCI"]
[SourceTitle "EXT 2013"]
[Source "ChessBase"]
[SourceDate "2012.11.22"]
[SourceVersion "1"]
[SourceVersionDate "2012.11.22"]
[SourceQuality "1"]

1. Nf3 c5 2. c4 Nf6 3. Nc3 g6 4. g3 Bg7 5. Bg2 0-0 6. 0-0 Nc6 7. d4 cxd4 8. Nxd4 Nxd4 9. Qxd4 d6 10. Qd3 a6 11. Be3 Qc7 12. b3 Bf5 13. Qd2 Rac8 14. Rac1 b5 15. Nd5 Nxd5 16. cxd5 Qb7 17. Bd4 b4 18. Bxg7 Kxg7 19. e4 Bd7 20. h4 a5 21. Kh2 Bb5 22. Rfe1 f6 23. f4 Qb6 24. Rc2 Rc5 25. Bh3 Ba6 26. Rec1 Bc8 27. Rxc5 dxc5 28. Bf1 Bb7 29. Qe3 Rc8 30. Bc4 Rc7 31. e5 Bc8 32. Rd1 Bf5 33. Be2 Bc8 34. g4 Qa7 35. Kg3 a4 36. Bc4 axb3 37. axb3 Rd7 38. exf6+ exf6 39. d6 Qb6 40. Qe6 Qb7 41. Qg8+ Kh6 42. g5+ fxg5 43. hxg5+ 1-0

[Event "Guernsey Holiday op"]
[Site "Guernsey"]
[Date "2009.10.18"]
[Round "1"]
[White "Glover, John"]
[Black "Welch, Hazel"]
[Result "0-1"]
[WhiteElo "1802"]
[BlackElo "1594"]
[PlyCount "84"]
[EventDate "2009.10.18"]
[EventType "swiss"]
[EventRounds "7"]
[EventCountry "GCI"]
[SourceTitle "EXT 2015"]
[Source "ChessBase"]
[SourceDate "2014.11.20"]
[SourceVersion "1"]
[SourceVersionDate "2014.11.20"]
[SourceQuality "1"]

1. Nf3 Nf6 2. c4 c5 3. g3 g6 4. Bg2 Bg7 5. Nc3 0-0 6. d4 cxd4 7. Qxd4 Nc6 8. Qd2 d6 9. 0-0 Bd7 10. b3 Ne4 11. Nxe4 Bxa1 12. Nc3 Qa5 13. Bb2 Bxb2 14. Qxb2 Rac8 15. Qc1 Nb4 16. a3 Nc6 17. Nd5 b5 18. Qh6 f6 19. b4 Qa6 20. cxb5 Qxb5 21. Nh4 Qxe2 22. Nxg6 Rf7 23. Ngf4 Qe5 24. h4 Bf5 25. Ne3 Nd4 26. Nxf5 Qxf5 27. Bh3 Nf3+ 28. Kg2 Qe4 29. Bxc8 Nd2+ 30. Kg1 Nxf1 31. Kxf1 Qc4+ 32. Kg2 Qxc8 33. Qh5 Qc4 34. Qf3 f5 35. Qa8+ Rf8 36. Qxa7 Qe4+ 37. Kg1 Rc8 38. Qe3 e5 39. Qb3+ Kh8 40. f3 Qe1+ 41. Kg2 Rc3 42. Qf7 Rc2+ 0-1

[Event "Guernsey op 34th"]
[Site "Guernsey"]
[Date "2008.10.21"]
[Round "3"]
[White "Jamieson, Ian M"]
[Black "Glover, John"]
[Result "1-0"]
[WhiteElo "2013"]
[BlackElo "1888"]
[PlyCount "85"]
[EventDate "2008.10.19"]
[EventType "swiss"]
[EventRounds "7"]
[EventCountry "GCI"]
[SourceTitle "EXT 2009"]
[Source "ChessBase"]
[SourceDate "2008.11.26"]
[SourceVersion "1"]
[SourceVersionDate "2008.11.26"]
[SourceQuality "1"]

1. f4 Nf6 2. Nf3 d6 3. g3 c6 4. Bg2 g6 5. Nc3 Bg7 6. d3 0-0 7. e4 Qb6 8. Qe2 Nbd7 9. Qe3 Qxe3+ 10. Bxe3 e5 11. 0-0 Ng4 12. Bd2 exf4 13. Bxf4 Nge5 14. Rad1 Nxf3+ 15. Bxf3 Bd4+ 16. Kh1 Ne5 17. Bg2 Bg4 18. Rd2 Kg7 19. h3 Be6 20. Ra1 f6 21. Nd1 g5 22. Be3 Bb6 23. b3 Nf7 24. a4 Ba5 25. Rf2 Bd8 26. Bd4 a6 27. Ne3 Ne5 28. Nf5+ Bxf5 29. Rxf5 Be7 30. Bb2 c5 31. Bf1 Rac8 32. Be2 Kg6 33. Raf1 h6 34. R5f2 Rcd8 35. c3 Kg7 36. d4 cxd4 37. cxd4 Nc6 38. Bc4 Rc8 39. Be6 Rcd8 40. Rc2 Rb8 41. d5 Ne5 42. Rc7 Rfe8 43. Bxe5 1-0

[Event "ENG-ch Seniors"]
[Site "Dovedale"]
[Date "2008.01.31"]
[Round "4"]
[White "Glover, John"]
[Black "Donaghay, Richard H"]
[Result "0-1"]
[WhiteElo "1712"]
[BlackElo "1963"]
[PlyCount "150"]
[EventDate "2008.01.28"]
[EventType "swiss"]
[EventRounds "5"]
[EventCountry "ENG"]
[SourceTitle "EXT 2009"]
[Source "ChessBase"]
[SourceDate "2008.11.26"]
[SourceVersion "1"]
[SourceVersionDate "2008.11.26"]
[SourceQuality "1"]

1. Nf3 g6 2. c4 Bg7 3. g3 e5 4. Nc3 d6 5. d4 Nc6 6. d5 Nce7 7. e4 Nf6 8. Bg2 0-0 9. 0-0 Bd7 10. h3 Qc8 11. Kh2 Ne8 12. Ng1 f5 13. f4 b6 14. fxe5 dxe5 15. Bg5 Rf7 16. Qd2 Nd6 17. b3 Kh8 18. Rf2 Ng8 19. Raf1 h6 20. Be3 Kh7 21. a4 Ne7 22. Qd3 Qh8 23. Nb5 Rc8 24. Nxa7 Rcf8 25. Nb5 Bxb5 26. axb5 f4 27. gxf4 exf4 28. Bd2 Bd4 29. Rf3 Be5 30. Ne2 g5 31. Kh1 h5 32. R3f2 Ng6 33. Bf3 Kg8 34. Kg2 Nh4+ 35. Kg1 Qg7 36. Bxh5 Rf6 37. Bg4 Qg6 38. Bc3 Nf7 39. Nd4 Bxd4 40. Bxd4 Rd6 41. Qc3 Qxe4 42. Re1 Qg6 43. Re7 Nf5 44. Rxc7 Ng3 45. Qc2 Qxc2 46. Rxc2 Re8 47. Kg2 Nh6 48. Rg7+ Kf8 49. Rxg5 Nxg4 50. Rxg4 Re4 51. Bb2 Rd7 52. Rf2 Rf7 53. Rg6 Nh5 54. Ba3+ Ke8 55. Re6+ Rxe6 56. dxe6 Rg7+ 57. Kh2 Rg6 58. e7 Re6 59. Rd2 Nf6 60. Kg2 Re3 61. Rb2 Ne4 62. h4 f3+ 63. Kf1 f2 64. Rxf2 Nxf2 65. Kxf2 Rxb3 66. Bd6 Rc3 67. c5 bxc5 68. b6 Rb3 69. Bxc5 Rb5 70. h5 Rxc5 71. h6 Rc8 72. Kg3 Kxe7 73. Kf4 Kf6 74. Ke4 Rb8 75. h7 Kg7 0-1

[Event "ENG-ch Seniors"]
[Site "Dovedale"]
[Date "2008.01.29"]
[Round "2"]
[White "Westra, Roelof D"]
[Black "Glover, John"]
[Result "1-0"]
[WhiteElo "2116"]
[BlackElo "1712"]
[PlyCount "71"]
[EventDate "2008.01.28"]
[EventType "swiss"]
[EventRounds "5"]
[EventCountry "ENG"]
[SourceTitle "EXT 2009"]
[Source "ChessBase"]
[SourceDate "2008.11.26"]
[SourceVersion "1"]
[SourceVersionDate "2008.11.26"]
[SourceQuality "1"]

1. d4 Nf6 2. c4 c5 3. d5 b5 4. cxb5 a6 5. bxa6 Bxa6 6. Nc3 g6 7. g3 d6 8. Nf3 Bg7 9. Bg2 0-0 10. 0-0 Nbd7 11. Re1 Qa5 12. Qc2 Rfb8 13. h3 Ne8 14. Bd2 Ra7 15. Rab1 Ne5 16. Nxe5 Bxe5 17. b3 Bc8 18. a4 Rab7 19. Nb5 Qa6 20. e4 Bd7 21. Bf1 Qa8 22. Bc3 Bxc3 23. Qxc3 Nc7 24. Na3 Na6 25. Kh2 Nb4 26. Nc4 Na6 27. e5 Bf5 28. Rb2 Rd8 29. exd6 exd6 30. g4 Bc8 31. Qf6 Rbd7 32. Re7 Rxe7 33. Qxe7 Rd7 34. Qe8+ Kg7 35. Nxd6 Nc7 36. Qxc8 1-0